| 000 | 00592nam a2200193Ia 4500 | ||
|---|---|---|---|
| 003 | GCL | ||
| 008 | 140319s9999 xx 000 0 ara d | ||
| 040 |
_aGCL / _cGCL |
||
| 082 | 0 | 4 |
_a949.5 _bر ح |
| 100 | 1 | _aعبدالعزيز توفيق جاويد | |
| 245 | 1 | 0 |
_aالحضارة البيزنطية / _cعبدالعزيز توفيق جاويد |
| 700 | 1 | _aرنسيمان.ستيفن | |
| 260 |
_a[S.N] : _bمكتبة النهضة المصرية ، _c1994 |
||
| 300 | _a404 | ||
| 490 | _a | ||
| 650 | 0 | 4 | _aالحضارة |
| 650 | 0 | 4 | _aالحضارة البيزنطية |
| 942 |
_2ddc _cBK |
||
| 999 |
_c29792 _d29792 |
||